| 000 | 00621nam a2200205 i 4500 | ||
|---|---|---|---|
| 001 | 143627 | ||
| 003 | ES-MaACL | ||
| 005 | 20231005121430.0 | ||
| 007 | t| | ||
| 008 | 070214s1966 sp r ||||1| spa d | ||
| 100 | 1 |
_aSerís, Homero, _d1879-1969 _9105555 |
|
| 245 | 1 | 3 |
_aLa nueva bibliografía / _cHomero Serís. |
| 260 |
_aMadrid : _bEd. Castalia, _c1966. |
||
| 300 |
_a9 p. ; _c27 cm. |
||
| 500 | _aEs tirada aparte del `Homenaje al profesor Rodríguez-Moñino`. | ||
| 650 | 4 |
_aBibliografía. _910516 |
|
| 852 |
_aES-MaACL _j2047-F-12 _bR.63785 _9148814 _cDEPOF |
||
| 942 | _2udc | ||
| 999 |
_c143627 _d143627 |
||